000 00633nam a2200169 4500
008 020111s1981 us engCO
020 _a082110506X
090 _aLB1055
_bP95f
245 1 0 _aPsychology and education :
_bthe state of the union /
_cedited by Frank H. Farley and Neil J. Gordon.
260 _aCalifornia :
_bMcCutchan Publishing,
_cc1981.
300 _ax, 405 p.
650 4 _aEducational psychology
_xAddresses, essays, lectures.
650 4 _aPsychology
_xAddresses, essays, lectures.
700 1 _aFarley, Frank H.
700 1 _aGordon, Neil J.
951 _p24346
_x00010164
_oLB1055/P95f
_j070613111035312
_d2000-12-21
_cGC
999 _c8407
_d8407